000 00514nam a2200193Ia 4500
008 220531s9999 xx 000 0 und d
041 _aeng
082 _a-
_bMAH / KUL
100 _aMahajan, S. / Kulkarni, M.
_969041
245 _aManagement Accounting (sem-i)(m.com.)
250 _a2ND
260 _aPune
_bNirali
_c2014
300 _a6.30+
542 _d27-08-2014
551 _aCommerce
_bNon-grant--C
650 _aManagement Accounting
_969042
906 _d2014-2015
_f950
999 _c38752
_d38752